Cosechadora de yuca. II Parte

Kaydedildi:
Detaylı Bibliyografya
Yazar: Johanning Q, Ronald
Materyal Türü: Bilinmiyor
Dil:Spanish
Baskı/Yayın Bilgisi: [San José, Costa Rica] 1981
Etiketler: Etiketle
Etiket eklenmemiş, İlk siz ekleyin!

MARC

LEADER 00000 a2200000 4500
003 001745
005 20221231143747.0
008 140114s1981 cr a m 000 ||spa d
040 |c cru CEDI 
090 |a TFG 1150 
100 |a Johanning Q, Ronald  |9 15681 
245 |a Cosechadora de yuca. II Parte 
260 |c 1981  |a  [San José, Costa Rica] 
300 |a [78] hojas :ilustraciones  
500 |a A la cabeza de la portada. Proyecto de graduación. IM-410. Universidad de Costa Rica. Facultad de Ingeniería. Escuela de Ingeniería Mecánica 
942 |c TFG 
999 |c 11397  |d 11397